History Quiz

Random History or Politics Quiz

US House Standing Committees Quiz Stats

 Plays Quiz Updated Mar 10, 2021

     
Support Sporcle.
Go Orange.
Score 0/20 Timer 04:00
1 Play Today
Committee % Correct
Ways & Means
64.6%
Energy & Commerce
62.8%
Education & Labor
62.2%
Agriculture
57.9%
Armed Services
57.6%
Foreign Affairs
56.7%
Judiciary
53.1%
Transportation & Infrastructure
52.2%
Budget
49.9%
Appropriations
45.1%
Committee % Correct
Veteran's Affairs
41.8%
Financial Services
39.1%
Rules
39%
Homeland Security
37.1%
House Administration
36.1%
Oversight & Reform
31.2%
Science, Space & Technology
31%
Ethics
20.1%
Natural Resources
18.7%
Small Business
17%

From the Vault

3-Letter Overlap Countries

by MSUKent

There's a lot of sharing going on between these countries.
Remove Ads.
Support Sporcle.
Get the best of Sporcle when you Go Orange. This ad-free experience offers more features, more stats, and more fun while also helping to support Sporcle. Thank you for becoming a member.

Show Comments

Extras

Top Quizzes Today


Score Distribution

Your Account Isn't Verified!

In order to create a playlist on Sporcle, you need to verify the email address you used during registration. Go to your Sporcle Settings to finish the process.

Report this User

Report this user for behavior that violates our Community Guidelines.

Details: